Southville International School and Colleges
Your cart is empty.
  • Cart
  • Lists
    Public lists Eva Luna New books Lux_list list_1
    Your lists Log in to create your own lists
  • Log in to your account
  • Your cookies
  • Search history
Southville International School and Colleges
  • Advanced search
  • Recent comments
  • Most popular
  • Libraries

Log in to your account

Log in with GOOGLE


If you do not have an external account, but do have a local account, you can still log in:

  1. Home
  2. MARC view: Logic for Filipinos /
Normal view MARC view ISBD view

Logic for Filipinos / (Record no. 291160)

[ view plain ]
MARC details
000 -LEADER
fixed length control field 00613nam a2200241Ia 4500
008 - FIXED-LENGTH DATA ELEMENTS--GENERAL INFORMATION
fixed length control field 160303s9999 xx 000 0 und d
020 ## - INTERNATIONAL STANDARD BOOK NUMBER
International Standard Book Number 971-08-6221-9
050 ## - LIBRARY OF CONGRESS CALL NUMBER
Classification number FIL BC 71
050 ## - LIBRARY OF CONGRESS CALL NUMBER
Item number . B38 2002 c.2
100 ## - MAIN ENTRY--PERSONAL NAME
Personal name Bauzon, Prisciliano T.
245 ## - TITLE STATEMENT
Title Logic for Filipinos /
245 ## - TITLE STATEMENT
Statement of responsibility, etc Prisciliano T. Bauzon.
250 ## - EDITION STATEMENT
Edition statement 2nd Edition
260 ## - PUBLICATION, DISTRIBUTION, ETC. (IMPRINT)
Place of publication, distribution, etc Mandaluyong:
260 ## - PUBLICATION, DISTRIBUTION, ETC. (IMPRINT)
Name of publisher, distributor, etc National Book Store,
260 ## - PUBLICATION, DISTRIBUTION, ETC. (IMPRINT)
Date of publication, distribution, etc 2002
300 ## - PHYSICAL DESCRIPTION
Extent 251 pages :
300 ## - PHYSICAL DESCRIPTION
Other physical details illustrations ;
300 ## - PHYSICAL DESCRIPTION
Dimensions 22 cm.
500 ## - GENERAL NOTE
General note Includes bibliographical references.
650 ## - SUBJECT ADDED ENTRY--TOPICAL TERM
Topical term or geographic name as entry element Logic.
650 ## - SUBJECT ADDED ENTRY--TOPICAL TERM
Topical term or geographic name as entry element Syllogism
Holdings
Withdrawn status Lost status Source of classification or shelving scheme Damaged status Home library Current library Shelving location Date acquired Source of acquisition Cost, normal purchase price Total Checkouts Full call number Barcode Date last seen Price effective from Koha item type
    Library of Congress Classification   South Mansfield College South Mansfield College Filipiniana Section 03/07/2005 Library Fund 155.00   FIL BC 71 .B38 2002 c.2 SMC01696 03/03/2016 03/03/2016 Books

Logic for Filipinos /

APA

Bauzon P. T., .Logic for Filipinos. Mandaluyong: .

Chicago

Bauzon Prisciliano T, .Logic for Filipinos. Mandaluyong: .

Harvard

Bauzon P. T., .Logic for Filipinos. Mandaluyong: .

MLA

Bauzon Prisciliano T, .Mandaluyong: . .

  • Place hold
  • Print
  • Cite
  • Add to your cart (remove)
  • Save record
    BIBTEX Dublin Core MARCXML MARC (non-Unicode/MARC-8) MARC (Unicode/UTF-8) MARC (Unicode/UTF-8, Standard) MODS (XML) RIS
  • More searches
    Search for this title in:
    Other Libraries (WorldCat) Other Databases (Google Scholar) Online Stores (Bookfinder.com) Open Library (openlibrary.org)

Exporting to Dublin Core...

SOUTHVILLE LIBRARY

Southville International School and Colleges Library

1281 Tropical Ave. Cor. Luxembourg St., BF Homes International, Las Pinas City

Tel. No. 8256374 / 252358 Loc. 117/146

Powered by Koha